Miembros de la OTAN - ¡Muerte súbita! - Estadísticas

Estadísticas generales
  • Esta prueba ha sido intentada 11.810 veces
  • La puntuación promedio es 14 de 32
Answers on the Grid
Answers color-coded by a green-red scale on the quiz's grid according to % correct below.
Albania
Alemania
Andorra
Bélgica
Bielorrusia
Bulgaria
Canadá
Croacia
Dinamarca
Eslovaquia
Eslovenia
España
Estados Unidos
Estonia
Finlandia
Francia
Grecia
Hungría
Islandia
Israel
Italia
Letonia
Liechtenstein
Lituania
Luxemburgo
Macedonia del Norte
México
Moldavia
Mónaco
Montenegro
Noruega
Países Bajos
Polonia
Portugal
Reino Unido
República Checa
Rumania
Rusia
San Marino
Serbia
Suecia
Suiza
Taiwán
Turquía
Ucrania
 
Estadísticas de respuestas
Respuesta % Correcto
Alemania
92%
España
77%
Francia
73%
Estados Unidos
70%
Bélgica
69%
Italia
66%
Canadá
65%
Dinamarca
59%
Grecia
56%
Países Bajos
48%
Portugal
47%
Reino Unido
47%
Finlandia
45%
Croacia
44%
Noruega
42%
Suecia
41%
Eslovenia
39%
Estonia
39%
Hungría
38%
Polonia
38%
Eslovaquia
35%
Letonia
35%
República Checa
35%
Albania
34%
Bulgaria
33%
Islandia
33%
Lituania
32%
Luxemburgo
31%
Rumania
26%
Turquía
25%
Macedonia del Norte
18%
Montenegro
15%
No se encontraron pruebas coincidentes
Distribución de puntuación
Porcentaje de gente con cada puntuación
Porcentaje por número respondido
Historial de tus puntuaciones
No has intentado esta prueba.